| 000 | 00549 a2200205 4500 | ||
|---|---|---|---|
| 245 | _aGeographical information systems as a tool to explore land characteristics and land use : with reference to Costa Rica | ||
| 300 | _a151 p. | ||
| 260 | _aWageningen | ||
| 650 | _aSystème d'information géographique | ||
| 650 | _aterre | ||
| 650 | _autilisation des terres | ||
| 260 | _c1995 | ||
| 300 | _bill. | ||
| 130 | _lEN | ||
| 100 | _aSTOORVOGEL, Jetse J. | ||
| 651 | _aCosta Rica | ||
| 020 | _a90-5485-449-9 | ||
| 999 |
_c29291 _d29291 |
||